| 000 | 00404nam a2200157Ia 4500 | ||
|---|---|---|---|
| 005 | 20251020182559.0 | ||
| 008 | 200515s9999 xx 000 0 und d | ||
| 082 | _aSC/331.058.7/N12 | ||
| 110 | _aNaciones Unidas | ||
| 245 | 0 | _aClasificación Industrial Internacional Uniforme de todas las Actividades Económicas | |
| 260 | _aLima | ||
| 260 | _c1976 | ||
| 300 | _a205 | ||
| 650 | _aCIU | ||
| 942 | _cLIB | ||
| 999 |
_c2982 _d2982 |
||